00863nam a2200181 i 450000100060000000300090000600500170001500700030003200800410003510000380007624503500011426000510046430000410051565000270055665000380058370000390062185200210066061773ES-MaACL20230906164534.0t|031113s1922 sp ||||1| spa d1 aFarré Moregó, José María.14aLos atentados sociales en España b: estudio sociológico-jurídico. Estadística de los cometidos desde 1º de enero de 1917 hasta 1º de enero de 1922. Especial de los cometidos en Barcelona desde 1º de enero de 1910 hasta 1º de enero de 1922 / cpor José Mª Farré Moregó... ; con un prólogo del Dr. D. Quintiliano Saldaña... aMadrid : b[s.n.], c1922 (fArtes Gráficas) aXXXVI, 273 p. : bgráf. ; c23 cm. 4aAnarquismo-zEspaña. 4aAtentados políticos-zEspaña.1 aSaldaña, Quintiliano,d1878-1938 aES-MaACLjF-4863